| 000 | 00551cas a22001935a 4500 | ||
|---|---|---|---|
| 001 | L138077 | ||
| 008 | 070515c1996 xxkqr p 0 a0eng u | ||
| 035 | _a(Sirsi) u138077 | ||
| 041 | 0 | _aeng | |
| 110 | 2 |
_aRoyal Institution of Chartered Surveyors _bLincolnshire Branch _9837 |
|
| 245 | 0 | 0 | _aLion Lincs |
| 260 |
_aS.l. _bRICS _c1996- |
||
| 362 | 0 | _aMarch 1996-June/July/August 2000 | |
| 554 | _aQuarterly | ||
| 651 | 4 | _aLINCOLNSHIRE | |
| 690 | _aMANAGEMENT-BUSINESS MANAGEMENT-PROFESSIONAL PRACTICE | ||
| 780 | 0 | 0 | _tBranch Newsletter |
| 942 | _n0 | ||
| 999 |
_c118948 _d118948 |
||